[Event "NATO-ch 27th"]
[Site "Shrivenham"]
[Date "2016.08.25"]
[Round "6"]
[White "Legare, Gilles"]
[Black "Berghmans, Pascal"]
[Result "0-1"]
[WhiteElo "1047"]
[BlackElo "1175"]
[PlyCount "110"]
[EventDate "2016.08.22"]
[EventType "swiss"]
[EventRounds "7"]
[EventCountry "ENG"]
[SourceTitle "EXT 2018"]
[Source "ChessBase"]
[SourceDate "2017.10.13"]
[SourceVersion "1"]
[SourceVersionDate "2017.10.13"]
[SourceQuality "1"]

1. e4 e6 2. c4 Nf6 3. d3 Bc5 4. e5 Ng8 5. Nf3 Nc6 6. d4 Bb4+ 7. Bd2 Bxd2+ 8. Qxd2 Nh6 9. Be2 d6 10. 0-0 0-0 11. Nc3 dxe5 12. Bd3 exd4 13. Rae1 dxc3 14. Qxc3 Qe7 15. a3 Re8 16. Ne5 Nxe5 17. Rxe5 Ng4 18. Rh5 g6 19. Rh3 Nf6 20. Re1 e5 21. Rhe3 Be6 22. Rxe5 Qd6 23. c5 Qf8 24. f3 Re7 25. Bc4 Rae8 26. R5e3 c6 27. b3 Nd5 28. Bxd5 Bxd5 29. b4 Rxe3 30. Rxe3 Rxe3 31. Qxe3 f6 32. Qf4 Kg7 33. h4 Qe7 34. Qc1 Qe5 35. Kf2 g5 36. hxg5 fxg5 37. Qe3 Qb2+ 38. Kg3 Qf6 39. Kh2 h5 40. Kg3 h4+ 41. Kf2 Qb2+ 42. Qe2 Qd4+ 43. Qe3 Qf6 44. a4 g4 45. f4 g3+ 46. Ke2 Qb2+ 47. Qd2 Bc4+ 48. Ke3 Qf6 49. Qd4 Be6 50. Qxf6+ Kxf6 51. a5 h3 52. gxh3 g2 53. Kf2 Bxh3 54. Kg1 Kf5 55. Kh2 Kxf4 0-1